|
|
|
|
| LEADER |
00000nam a2200000 4500 |
| 001 |
CDOM0000001795 |
| 003 |
mi |
| 005 |
20251009140526.0 |
| 008 |
251009b |||||||| |||| 00| 0 eng d |
| 040 |
|
|
|c mi
|
| 100 |
|
|
|a Consoli, Massimo
|
| 245 |
1 |
|
|a Omocaust :
|b Dalla riforma dei codici sovietici del 1934 allo sterminio nei campi nazisti: la persecuzione degli omosessuali nella Russia di Stalin e nella Germania di Hitler /
|c di Massimo Consoli
|
| 260 |
|
|
|a Roma
|b OMPO
|c 1980
|
| 300 |
|
|
|a 15 p. ;
|c 22 cm.
|
| 490 |
|
|
|a OMPO
|v n. 59 (febbraio 1980)
|
| 500 |
|
|
|a Numero monografico di OMPO, n. 59 (febbraio 1980).
|
| 610 |
|
|
|a Nazismo - Olocausto
|
| 610 |
|
|
|a Nazismo - Omofobia
|
| 610 |
|
|
|a Russia <Unione Sovietica> - Stalinismo - Omofobia
|
| 942 |
|
|
|2 ddc
|c BK
|
| 952 |
|
|
|0 0
|1 0
|2 ddc
|4 0
|6 B_SST03CONMAOMO12
|7 0
|9 5658
|a MI
|b MI
|d 1990-04-16
|i 5148
|l 0
|o B-SST03-CONMA-OMO12
|p CDOM5148
|r 2025-07-13 16:28:00
|w 2025-07-13
|x DONO
|y BK
|
| 952 |
|
|
|0 0
|1 0
|2 ddc
|4 0
|6 B_SST03CONMAOMO11
|7 1
|9 5659
|a MI
|b MI
|d 1989-12-17
|i 1564
|l 0
|o B-SST03-CONMA-OMO11
|p CDOM1564
|r 2025-07-13 16:28:00
|w 2025-07-13
|x DONO
|y BK
|
| 999 |
|
|
|c 4508
|d 4508
|